• 首页
  • 本馆介绍
  • 公告通知
  • 最新文献
  • 馆藏检索
  • 电子资源
  • 读者导购
  • 参考咨询
  • 我的图书馆
  • 登录
  • 详细信息显示
  • 放入我的书架
  • 预约/预借图书
  • 作者相关作品
  • 分类相关作品
  • 丛书相关作品
  • 出版社相关作品

书目信息

  • 表格格式
  • 工作单格式
  • 卡片格式
题名:
简论园林艺术
    
 
作者: 陈鹭 著
分册:  
出版信息: 北京   北京交通大学出版社  2017.1
页数: 182页
开本: 21cm
丛书名:
单 册:
中图分类: TU986.1
科图分类:
主题词: 园林艺术
电子资源:
ISBN: 978-7-5121-3144-6
000 00873nam0 2200229 450
001 0500003301
005 20171022083439.0
010    @a978-7-5121-3144-6@dCNY68.00
100    @a20170802d2017 em y0chiy50 ea
101 0  @achi
102    @aCN@b110000
105    @aab z 000yy
106    @ar
200 1  @a简论园林艺术@9jian lun yuan lin yi shu@f陈鹭著
210    @a北京@c北京交通大学出版社@d2017.1
215    @a182页@c图,地图@d21cm
330    @a本书呈现了园林最经典的理论和最精彩的实例,内容包括园林释义、中外园林简介、中国传统园林的造园手法、造景和组景的艺术、园林形式美法则、园林与环境行为、园林意境、园林建筑、园林植物的应用,以及实例分析颐和园、避暑山庄、圆明园、拙政园、留园、网师园、凡尔赛宫园林等。
606 0  @a园林艺术
690    @aTU986.1@v5
701  0 @a陈鹭@9chen lu@f(1973-)@4著
801  0 @aCN@b91MARC@c20171022
905    @b1036021-5@dTU986.1@f5@e1256
    
    简论园林艺术/陈鹭著.-北京:北京交通大学出版社,2017.1
    182页:图,地图;21cm
    
    
    ISBN 978-7-5121-3144-6:CNY68.00
    本书呈现了园林最经典的理论和最精彩的实例,内容包括园林释义、中外园林简介、中国传统园林的造园手法、造景和组景的艺术、园林形式美法则、园林与环境行为、园林意境、园林建筑、园林植物的应用,以及实例分析颐和园、避暑山庄、圆明园、拙政园、留园、网师园、凡尔赛宫园林等。
●
相关链接 在E读中查询图书 在五车中查询图书 在当当中查询图书 在豆瓣中查询图书


正题名:简论园林艺术     索取号:TU986.1/1256         预约/预借

序号 登录号 条形码 馆藏地/架位号 状态 备注
1 1036021   210360214   第二样本阅览室/ [索取号:TU986.1/1256] 在馆    
2 1036022   210360223   密集书库-生命科学系/ [索取号:TU986.1/1256] 在馆    
3 1036023   210360232   第三借阅区/ [索取号:TU986.1/1256] 在馆    
4 1036024   210360241   第三借阅区/ [索取号:TU986.1/1256] 在馆    
5 1036025   210360250   第三借阅区/ [索取号:TU986.1/1256] 在馆    
唐山师范学院图书馆 欢迎您!
大连网信软件有限公司© 版权所有